<?xml version="1.0" encoding="UTF-8"?>
<record
    xmlns:xsi="http://www.w3.org/2001/XMLSchema-instance"
    xsi:schemaLocation="http://www.loc.gov/MARC21/slim http://www.loc.gov/standards/marcxml/schema/MARC21slim.xsd"
    xmlns="http://www.loc.gov/MARC21/slim">

  <leader>01297nam0a22003251  4500</leader>
  <controlfield tag="001">v19\rc\1483980</controlfield>
  <controlfield tag="005">20260405181255.0</controlfield>
  <datafield tag="035" ind1=" " ind2=" ">
    <subfield code="a">(NLR Aleph) 004616123</subfield>
  </datafield>
  <datafield tag="090" ind1=" " ind2=" ">
    <subfield code="a">2978524</subfield>
    <subfield code="c">2978524</subfield>
  </datafield>
  <datafield tag="100" ind1=" " ind2=" ">
    <subfield code="a">20060620d1879    |||y0rusy50      ca</subfield>
  </datafield>
  <datafield tag="101" ind1="1" ind2=" ">
    <subfield code="a">rus</subfield>
    <subfield code="c">fre</subfield>
  </datafield>
  <datafield tag="102" ind1=" " ind2=" ">
    <subfield code="a">RU</subfield>
  </datafield>
  <datafield tag="105" ind1=" " ind2=" ">
    <subfield code="a">y   z   |||a|</subfield>
  </datafield>
  <datafield tag="200" ind1="1" ind2=" ">
    <subfield code="a">&#x41D;&#x43E;&#x447;&#x44C; &#x43F;&#x43E;&#x441;&#x43B;&#x435; &#x431;&#x430;&#x43B;&#x430;</subfield>
    <subfield code="e">&#x41A;&#x43E;&#x43C;&#x435;&#x434;&#x438;&#x44F; &#x432; 1-&#x43C; &#x434;.</subfield>
    <subfield code="f">&#x41F;&#x435;&#x440;. &#x441; &#x444;&#x440;&#x430;&#x43D;&#x446;. &#x41D;.&#x41D;. &#x41C;&#x430;&#x43A;&#x441;&#x438;&#x43C;&#x43E;&#x432;&#x430;</subfield>
  </datafield>
  <datafield tag="210" ind1=" " ind2=" ">
    <subfield code="a">[&#x421;&#x430;&#x43D;&#x43A;&#x442;-&#x41F;&#x435;&#x442;&#x435;&#x440;&#x431;&#x443;&#x440;&#x433;]</subfield>
    <subfield code="c">&#x43B;&#x438;&#x442;. &#x41A;&#x443;&#x440;&#x43E;&#x447;&#x43A;&#x438;&#x43D;&#x430;</subfield>
    <subfield code="d">&#x446;&#x435;&#x43D;&#x437;. 1879</subfield>
  </datafield>
  <datafield tag="215" ind1=" " ind2=" ">
    <subfield code="a">39 &#x441;.</subfield>
    <subfield code="d">23</subfield>
  </datafield>
  <datafield tag="300" ind1=" " ind2=" ">
    <subfield code="a">&#x410;&#x432;&#x442;. &#x443;&#x441;&#x442;&#x430;&#x43D;&#x43E;&#x432;&#x43B;&#x435;&#x43D;&#x44B; &#x43F;&#x43E; &#x438;&#x437;&#x434;.: &#x418;&#x441;&#x442;&#x43E;&#x440;&#x438;&#x44F; &#x440;&#x443;&#x441;. &#x434;&#x440;&#x430;&#x43C;. &#x442;&#x435;&#x430;&#x442;&#x440;&#x430;, &#x442;. 6. &#x41C;., 1982, &#x441;. 479</subfield>
  </datafield>
  <datafield tag="300" ind1=" " ind2=" ">
    <subfield code="a">&#x417;&#x430;&#x433;&#x43B; &#x43E;&#x440;&#x438;&#x433;.: "Apr&#xE8;s le bal"</subfield>
  </datafield>
  <datafield tag="309" ind1=" " ind2=" ">
    <subfield code="a">&#x41D;&#x430;&#x43F;&#x438;&#x441;&#x430;&#x43D;&#x43E; &#x43E;&#x442; &#x440;&#x443;&#x43A;&#x438;. &#x41B;&#x438;&#x442;&#x43E;&#x433;&#x440;.</subfield>
  </datafield>
  <datafield tag="454" ind1=" " ind2="0">
    <subfield code="1">2001#$aApr&#xE8;s le bal</subfield>
    <subfield code="t">Apr&#xE8;s le bal</subfield>
  </datafield>
  <datafield tag="700" ind1=" " ind2="1">
    <subfield code="a">&#x421;&#x438;&#x440;&#x43E;&#x434;&#x435;&#x43D;</subfield>
    <subfield code="b">&#x41F;.</subfield>
    <subfield code="f">1814-1883</subfield>
    <subfield code="g">&#x41F;&#x43E;&#x43B;&#x44C;</subfield>
  </datafield>
  <datafield tag="701" ind1=" " ind2="1">
    <subfield code="8">rus</subfield>
    <subfield code="7">ca</subfield>
    <subfield code="a">&#x414;&#x435;&#x43B;&#x430;&#x43A;&#x443;&#x440;</subfield>
    <subfield code="b">&#x410;. &#x428;.</subfield>
    <subfield code="f">1817-1883</subfield>
    <subfield code="g">&#x410;&#x43B;&#x44C;&#x444;&#x440;&#x435;&#x434; &#x428;&#x430;&#x440;&#x43B;&#x435;&#x43C;&#x430;&#x43D;</subfield>
    <subfield code="3">RU\NLR\AUTH\7778154</subfield>
    <subfield code="9">61082</subfield>
  </datafield>
  <datafield tag="701" ind1=" " ind2="1">
    <subfield code="a">&#x428;&#x43E;&#x43B;&#x435;&#x440;</subfield>
    <subfield code="b">&#x410;.&#x416;.</subfield>
    <subfield code="f">1821-1889</subfield>
    <subfield code="g">&#x410;&#x434;&#x43E;&#x43B;&#x44C;&#x444; &#x416;&#x43E;&#x437;&#x435;&#x444;</subfield>
  </datafield>
  <datafield tag="702" ind1=" " ind2="1">
    <subfield code="a">&#x41C;&#x430;&#x43A;&#x441;&#x438;&#x43C;&#x43E;&#x432;</subfield>
    <subfield code="b">&#x41D;.&#x41D;.</subfield>
    <subfield code="4">730</subfield>
  </datafield>
  <datafield tag="801" ind1=" " ind2="0">
    <subfield code="a">RU</subfield>
    <subfield code="b">NLR</subfield>
    <subfield code="g">psbo</subfield>
  </datafield>
  <datafield tag="801" ind1=" " ind2="0">
    <subfield code="a">RU</subfield>
    <subfield code="b">RuMoRGB</subfield>
    <subfield code="2">psbo</subfield>
  </datafield>
  <datafield tag="801" ind1=" " ind2="1">
    <subfield code="a">RU</subfield>
    <subfield code="b">ProSoft-M</subfield>
    <subfield code="2">rusmarc</subfield>
  </datafield>
  <datafield tag="852" ind1=" " ind2=" ">
    <subfield code="a">NLR</subfield>
    <subfield code="j">18.136.1.266</subfield>
  </datafield>
  <datafield tag="942" ind1=" " ind2=" ">
    <subfield code="c">BOOK</subfield>
  </datafield>
  <datafield tag="980" ind1=" " ind2=" ">
    <subfield code="a">NB</subfield>
  </datafield>
  <datafield tag="995" ind1=" " ind2=" ">
    <subfield code="5">2013-10-26</subfield>
    <subfield code="b">NLR02</subfield>
    <subfield code="c">NLR02</subfield>
    <subfield code="e">RFS</subfield>
    <subfield code="f">4616123-10</subfield>
    <subfield code="k">18.136.1.266</subfield>
    <subfield code="o">0</subfield>
    <subfield code="r">BOOK</subfield>
    <subfield code="s">181361266_</subfield>
  </datafield>
</record>
